| 000 | 00649nam a2200217 a 4500 | ||
|---|---|---|---|
| 005 | 20240913064017.0 | ||
| 008 | 030604s1995 mx r 000 0 spa d | ||
| 020 | _a9508920165 | ||
| 035 | _aUPN01000125005 | ||
| 049 | _aCG | ||
| 050 | 4 |
_aQ175 _bG5.5 |
|
| 100 | 1 | _aGómez, Ricardo J. | |
| 245 | 1 | 0 |
_aNeoliberalismo y seudociencia / _cRicardo J. Gómez. |
| 260 |
_aBuenos Aires : _bLugar, _cc1995. |
||
| 300 | _a211 p. | ||
| 600 | 1 | 0 |
_aPopper, Karl R. _q(Karl Raimund), _d1902-1994 _9192 |
| 600 | 1 | 4 |
_aHAYEK, FRIEDRICH AUGUST VON, _d1899-1992 _9193 |
| 650 | 4 |
_aCiencia _xFilosofía _94696 |
|
| 650 | 4 |
_aEconomía _xFilosofía _916773 |
|
| 905 | _aLibro | ||
| 999 |
_c97184 _d97184 |
||